Statistics for Famous Landmarks around the World

Click here to take the quiz!

General Stats

  • This quiz has been taken 32 times
  • The average score is 11 of 16

Answer Stats

Answer% Correct
Eiffel Tower
100%
Empire State Building
97%
Great Wall of China
97%
Leaning Tower of Pisa
97%
Taj Mahal
97%
The Colosseum
93%
Statue of Liberty
90%
Big Ben
87%
Sydney Opera House
80%
Burj Khalifa
67%
Machu Pichu
63%
Petra
57%
Chichen Itza
40%
Mecca
37%
Pyramid of Giza
7%
Christ the Redeemer Statue
0%

Score Distribution

Percentile by Number Answered

Percent of People with Each Score

Your Score History

You have not taken this quiz